Cesta k profesionalitě Základy algoritmizace

Hlavní autor: Pecinovský, Rudolf, 1954-
Jazyk: Čeština
Vydáno: [Česká republika] : IDG Czechoslovakia, [1992?]
Témata:
Fyzický popis: 1 disketa ; 14×14 cm
Elektronické zdroje
Uloženo v:
LEADER 00790nmm a2200217 a 4500
001 000344401
003 CZ BrMZK
005 19970103143423.0
008 980903s1992 xr f cze d
040 |a BOA001  |b cze 
080 |a 681.3.06(086.7)  |2 MRF 
100 1 |a Pecinovský, Rudolf,  |d 1954-  |7 xx0017259  |4 aut 
245 1 0 |a Cesta k profesionalitě  |h [multimedium] /  |c Rudolf Pecinovský ;  |b Základy algoritmizace 
260 |a [Česká republika] :  |b IDG Czechoslovakia,  |c [1992?] 
300 |a 1 disketa ;  |c 14×14 cm 
500 |a Vyd. ke stejnojm. knize: sig=0250.719 
653 0 |a programování 
740 0 2 |a Základy algoritmizace 
910 |a BOA001  |b TK-DIS-0263.925 
990 |a CF 
996 6 |b 2620012064  |c TK-DIS-0263.925  |l MZK  |r Sklad / do 24 hodin  |n 0  |p kup  |h E  |w 000344401  |u 000010  |a 1  |e BOA001  |j MZK50  |s P